| 000 -LEADER |
| fixed length control field |
01132cam a2200289 i 4500 |
| 001 - CONTROL NUMBER |
| control field |
20368075 |
| 005 - DATE AND TIME OF LATEST TRANSACTION |
| control field |
20180301042210.0 |
| 008 - FIXED-LENGTH DATA ELEMENTS--GENERAL INFORMATION |
| fixed length control field |
180223t20172017mnu b 001 0 eng c |
| 010 ## - LIBRARY OF CONGRESS CONTROL NUMBER |
| LC control number |
2017298377 |
| 020 ## - INTERNATIONAL STANDARD BOOK NUMBER |
| International Standard Book Number |
9781683288817 (hbk) |
| 020 ## - INTERNATIONAL STANDARD BOOK NUMBER |
| International Standard Book Number |
1683288815 (hbk) |
| 035 ## - SYSTEM CONTROL NUMBER |
| System control number |
(OCoLC)ocn979558898 |
| 040 ## - CATALOGING SOURCE |
| Original cataloging agency |
BTCTA |
| Language of cataloging |
eng |
| Transcribing agency |
BTCTA |
| Description conventions |
rda |
| Modifying agency |
BDX |
| -- |
YDX |
| -- |
UPM |
| -- |
GWL |
| -- |
ONS |
| -- |
RCJ |
| -- |
GUB |
| -- |
OCLCF |
| -- |
IOD |
| -- |
OCLCQ |
| -- |
UCX |
| -- |
OCLCO |
| -- |
DLC |
| 041 ## - LANGUAGE CODE |
| Language code of text/sound track or separate title |
eng |
| 042 ## - AUTHENTICATION CODE |
| Authentication code |
pcc |
| 043 ## - GEOGRAPHIC AREA CODE |
| Geographic area code |
n-us--- |
| 080 ## - UNIVERSAL DECIMAL CLASSIFICATION NUMBER |
| Universal Decimal Classification number |
34 laf |
| 082 ## - DEWEY DECIMAL CLASSIFICATION NUMBER |
| Edition number |
34 laf |
| 100 1# - Rafti |
| Rafti |
14 |
| 101 ## - Shkurtesa |
| Shkurtesa |
jur |
| 245 10 - TITLE STATEMENT |
| Title |
Criminal law / |
| Statement of responsibility, etc |
Wayne R. LaFave (David C. Baum Professor of Law Emeritus and Center for Advanced Study Professor Emeritus, University of Illinois). |
| 504 ## - BIBLIOGRAPHY, ETC. NOTE |
| Bibliography, etc |
Includes bibliographical references and index. |
| 775 08 - OTHER EDITION ENTRY |
| Display text |
Revision of: |
| Main entry heading |
LaFave, Wayne R. |
| Title |
Criminal law. |
| Edition |
Fifth edition, student edition. |
| Place, publisher, and date of publication |
St. Paul, MN : West, a Thomson Reuters business, [2010] |
| International Standard Book Number |
9780314912688 |
| Record control number |
(DLC) 2010287710 |
| -- |
(OCoLC)555680262 |
| 906 ## - LOCAL DATA ELEMENT F, LDF (RLIN) |
| a |
7 |
| b |
cbc |
| c |
pccadap |
| d |
2 |
| e |
ncip |
| f |
20 |
| g |
y-gencatlg |
| 942 ## - ADDED ENTRY ELEMENTS (KOHA) |
| Source of classification or shelving scheme |
|
| Item type |
Books |